Patrologia orientalis. (Record no. 184068)
[ view plain ]
| 000 -LEADER | |
|---|---|
| campo de control de longitud fija | 01576nam a2200277 i 4500 |
| 001 - NÚMERO DE CONTROL | |
| campo de control | 184068 |
| 003 - IDENTIFICADOR DE NÚMERO DE CONTROL | |
| campo de control | ES-MaACL |
| 005 - FECHA Y HORA DE LA ÚLTIMA TRANSACCIÓN | |
| campo de control | 20250817211304.0 |
| 008 - DATOS DE LONGITUD FIJA--INFORMACIÓN GENERAL | |
| campo de control de longitud fija | 150304m19191920fr |||| | fre d |
| 245 00 - MENCIÓN DEL TÍTULO | |
| Título | Patrologia orientalis. |
| Número de parte o sección de la obra | Tomus decimus quartus / |
| Mención de responsabilidad, etc. | [édité par] R. Graffin et F. Nau. |
| 260 ## - PUBLICACIÓN, DISTRIBUCIÓN, ETC. | |
| Lugar de publicación, distribución, etc. | Paris : |
| Nombre del editor, distribuidor, etc. | Firmin-Didot et cie, éditeurs, |
| Fecha de publicación, distribución, etc. | 1919-1920. |
| 300 ## - DESCRIPCIÓN FÍSICA | |
| Extensión | 855 p. ; |
| Dimensiones | 28 cm. |
| 505 8# - NOTA DE CONTENIDO CON FORMATO | |
| Nota de contenido con formato | Contiene: A collection of letters of Severus of Antioch, from numerous Syriac manuscripts. II / edited and translated by E. W. Brooks. - 1919 ; Fasc. 1 The life of Abba John Khamé / coptic text edited and translated from the Cod. Vat. Copt. LX by M. H. Davis. - 1919 ; Fasc. 2 Moufazzal Ibn Abil-Fazaïl, Histoire des sultans Mamlouks. II / texte arabe publié et traduit en français par E. Blochet. - 1919? ; Fasc. 3 Sei scritti antitriteistici in lingua siriaca / per Giuseppe Furlani,.... - 1920 ; Fasc. 4 Les miracles de Jésus / texte éthiopien publié et traduit par Sylvain Grébaut. - 1920 ; Fasc. 5 |
| 650 ## - PUNTO DE ACCESO ADICIONAL DE MATERIA--TÉRMINO DE MATERIA | |
| Término de materia o nombre geográfico como elemento de entrada | Patrística. |
| 9 (RLIN) | 15895 |
| 650 07 - PUNTO DE ACCESO ADICIONAL DE MATERIA--TÉRMINO DE MATERIA | |
| Término de materia o nombre geográfico como elemento de entrada | Literatura cristiana primitiva |
| Fuente del encabezamiento o término | embne |
| 9 (RLIN) | 14529 |
| 700 1# - ENTRADA AGREGADA--NOMBRE PERSONAL | |
| Nombre de persona | Brooks, Ernest Walter, |
| Fechas asociadas al nombre | 1863-1955 |
| 9 (RLIN) | 156178 |
| 700 1# - ENTRADA AGREGADA--NOMBRE PERSONAL | |
| Nombre de persona | Davis, M. H. |
| 9 (RLIN) | 156464 |
| 700 1# - ENTRADA AGREGADA--NOMBRE PERSONAL | |
| Nombre de persona | Blochet, Edgar, |
| Fechas asociadas al nombre | 1870-1937 |
| 9 (RLIN) | 156465 |
| 700 1# - ENTRADA AGREGADA--NOMBRE PERSONAL | |
| Nombre de persona | Furlani, Giuseppe ( |
| Fechas asociadas al nombre | 1885-1962) |
| 9 (RLIN) | 156466 |
| 700 1# - ENTRADA AGREGADA--NOMBRE PERSONAL | |
| Nombre de persona | Grébaut, Sylvain. |
| 9 (RLIN) | 156167 |
| 700 1# - ENTRADA AGREGADA--NOMBRE PERSONAL | |
| Nombre de persona | Graffin, René, |
| Fechas asociadas al nombre | 1858-1941 |
| 9 (RLIN) | 156163 |
| 700 1# - ENTRADA AGREGADA--NOMBRE PERSONAL | |
| Nombre de persona | Nau, François. |
| 9 (RLIN) | 85006 |
| 700 1# - ENTRADA AGREGADA--NOMBRE PERSONAL | |
| Nombre de persona | Mufaddal ibn Abi al-Fada'il al. |
| 9 (RLIN) | 156205 |
| 852 ## - LOCALIZACIÓN | |
| Ubicación | ES-MaACL |
| Número de control de estantería | G-703 |
| Estatus retirado | Estado de pérdida | Estado de daño | No para préstamo | Biblioteca de origen | Biblioteca actual | Ubicación en estantería | Fecha de adquisición | Fuente de adquisición | Total de préstamos | Signatura topográfica completa | Código de barras | Visto por última vez | Precio de reemplazo | Tipo de ítem Koha |
|---|---|---|---|---|---|---|---|---|---|---|---|---|---|---|
| Biblioteca del Ateneo de Madrid | Biblioteca del Ateneo de Madrid | Depósito 2 | 04/03/2015 | G-703 | 1193557 | 23/02/2023 | 23/02/2023 | Libro impreso |
